000 00314nam a2200145Ia 4500
008 090124s9999 xx 000 0 und d
082 _b207372
245 _a आग
250 _a1
260 _bनागदा माधव
_c2004
300 _a88
630 _a आग
730 _a आग
942 _cBOOK
999 _c189400
_d189400